<The> Impact of COVID-19 on Changes in Consumer Behaviour
Gespeichert in:
| 1. Verfasser: | |
|---|---|
| Format: | Buchkapitel |
| Sprache: | Englisch |
| Schlagworte: | |
| Tags: |
Keine Tags, Fügen Sie das erste Tag hinzu!
|
MARC
| LEADER | 00000naa$a2200000$$$4500 | ||
|---|---|---|---|
| 001 | 0269233 | ||
| 005 | 20240502074222.1 | ||
| 041 | 0 | |a eng | |
| 044 | |a SK | ||
| 245 | 1 | 0 | |a <The> Impact of COVID-19 on Changes in Consumer Behaviour |c Miroslava Horváthová |
| 500 | |a abstrakt | ||
| 610 | 2 | 0 | |a chorobnosť |
| 610 | 2 | 0 | |a kríza hospodárska |
| 610 | 2 | 0 | |a koronavírus |
| 610 | 2 | 0 | |a správanie spotrebiteľa |
| 610 | 2 | 0 | |a dopyt |
| 100 | 1 | |a Horváthová, Miroslava | |